Score 0/7 Timer 03:00
1 Play Today
Question Answer Wrong Answers
This Swedish pop band wins the Eurovision Song Contest with the song ‘Waterloo,’ helping to launch their international career.
1974
ABBA
92.1%
A-ha
2.1%
Modern Talking
0.7%
Blue Swede
1.3%
The opening ceremony for the first modern Olympic Games is held in this city.
1896
Athens
85.2%
Paris
6.7%
London
4.4%
St. Louis
2.2%
The first ______ Awards are held, recognizing achievement in live Broadway theater.
1947
Tony
79.2%
Emmy
4.4%
Academy
9.9%
Grammy
3.3%
The US Congress officially declares war on this nation following an address from President Woodrow Wilson.
1917
Germany
74.4%
Austria-Hungary
17.2%
Ottoman Empire
4.6%
Bulgaria
1.2%
This battle of the American Civil War begins in Tennessee, the bloodiest battle in American history up to that time.
1862
Battle of Shiloh
61.8%
Battle of Fort Henry
12.4%
Battle of Belmont
5.9%
First Battle of Lexington
19%
The American League of Major League Baseball begins using a ______.
1973
Designated Hitter
60.4%
10-inch Pitcher’s Mound
6.2%
4th Umpire
6.1%
Protective Helmet
23.5%
US President ______ is sworn in, two days after becoming president upon William Henry Harrison’s death.
1841
John Tyler
45.6%
Martin Van Buren
14.6%
James K. Polk
16.9%
Zachary Taylor
22.7%
Remove Ads.
Support Sporcle.
Get the best of Sporcle when you Go Orange. This ad-free experience offers more features, more stats, and more fun while also helping to support Sporcle. Thank you for becoming a member.

You're not logged in!

Compare scores with friends on all Sporcle quizzes.
OR
Log In

Show Comments

Extras

Top Quizzes Today


Score Distribution

Your Account Isn't Verified!

In order to create a playlist on Sporcle, you need to verify the email address you used during registration. Go to your Sporcle Settings to finish the process.

Report this User

Report this user for behavior that violates our Community Guidelines.

Details: